ბათუმის შოთა რუსთაველის სახელმწიფო უნივერსიტეტის ბიბლიოთეკა

Плодоводство (ბიბ.ჩანაწერი № 45790)

000 -LEADER
fixed length control field 00577nam a2200229Ia 4500
001 - CONTROL NUMBER
control field 12618
003 - CONTROL NUMBER IDENTIFIER
control field GE_BSU
008 - FIXED-LENGTH DATA ELEMENTS--GENERAL INFORMATION
fixed length control field 181216s||||||||xx |||||||||||||| ||und||
040 ## - CATALOGING SOURCE
Transcribing agency GE_BSU
080 ## - UNIVERSAL DECIMAL CLASSIFICATION NUMBER
Universal Decimal Classification number 634.1(075)
100 ## - MAIN ENTRY--PERSONAL NAME
Personal name Белохонов,И.В.
245 ## - TITLE STATEMENT
Title Плодоводство
245 ## - TITLE STATEMENT
Remainder of title Учебник
245 ## - TITLE STATEMENT
Statement of responsibility, etc. Ред.Г.Д.Каплан.
260 ## - PUBLICATION, DISTRIBUTION, ETC.
Place of publication, distribution, etc. Москва
260 ## - PUBLICATION, DISTRIBUTION, ETC.
Name of publisher, distributor, etc. Сельхозгиз
260 ## - PUBLICATION, DISTRIBUTION, ETC.
Date of publication, distribution, etc. 1955
300 ## - PHYSICAL DESCRIPTION
Extent 582стр.21см.
300 ## - PHYSICAL DESCRIPTION
Accompanying material Приложение с.561
653 ## - INDEX TERM--UNCONTROLLED
Uncontrolled term Плодоводство
942 ## - ADDED ENTRY ELEMENTS (KOHA)
Koha item type წიგნი
ეგზემპლარები
Withdrawn status Lost status Damaged status Not for loan Date acquired Barcode Date last seen Price effective from Koha item type
        2018-12-17 20562 2018-12-17 2018-12-17 წიგნი